| 000 | 01805nam a22002897a 4500 | ||
|---|---|---|---|
| 001 | 1523 | ||
| 003 | FISKH | ||
| 005 | 20231010091352.0 | ||
| 008 | 230901b cb ||||| |||| 00| 0 khr d | ||
| 020 | _a9789995054731 | ||
| 040 |
_aFISKH _beng _cFISKH _dFISKH |
||
| 082 | _a973.7 | ||
| 100 | _aFidelin, Benoit | ||
| 245 |
_aខ្ញុំបានឆ្លងកាត់សង្រ្គាមនៅកម្ពុជា / _bសម័យខ្មែរក្រហម : |
||
| 250 | _aបោះពុម្ពលើកទី ៥ មិនា ២០២២ | ||
| 260 |
_aBayard : _bSipar, _c2005. |
||
| 300 |
_a83 pages : _bcolor illustrations ; _c20 cm |
||
| 490 | _aខ្ញុំចង់ដឹង | ||
| 505 | _aZ' | ||
| 520 | _aសង្រ្គាមស៊ីវិល និងអំណាចផ្ដាច់ការរបស់ពួកខ្មែរក្រហម បានធ្វើឳ្យប្រទេសកម្ពុជាវិនាសខ្ទេចខ្ទាំ ពីឆ្នាំ ១៩៧០ ដល់ ១៩៧៩។ មនុស្ស៣នាក់នឹងផ្ដល់នូវសក្ខីកម្ម ដើម្បីជួយបំភ្លឺសោកនាដកម្មដែលគេមិនទាន់យល់ច្បាស់។ | ||
| 520 | _aThe civil war and the Khmer Rouge dictatorship wreaked havoc in Cambodia from 1970 to 1979. Three people will testify to help clarify the tragedy that is not yet fully understood. | ||
| 521 | 8 |
_a1000
_bLexile estimate |
|
| 521 | 8 |
_aZ'
_bRaz-Plus |
|
| 650 |
_aខ្មែរក្រហម _vសង្រ្គាមស៊ីវិល _xបំផ្លាញ _yសាក្សី |
||
| 650 |
_aKhmer rough _vCivil war _xDestroy _yWitness |
||
| 942 |
_2ddc _cBK _n0 |
||
| 999 |
_c1523 _d1523 |
||